000 00759nam a2200229 a 4500
999 _c4497
_d4497
001 4497
003 BD-JhCC
005 20171129163132.0
008 171127s1966 bg |||| ||a| 000 0 ben d
035 _a(BD-JhCC) 4497
040 _aBD-JhCC
_dBD-JhCC
041 _aben
082 _a959.8
_bHAB 1966
100 _aহাবীব, আহসান
245 _aদেশ ও জাতি ইন্দোনেশিয়া /
_cআহসান হাবীব
260 _aঢাকা :
_bনওরোজ কিতাবিস্তান, বাংলা বাজার, ঢাকা ,
_c1966
300 _a179 p .:
_c16 cm .
490 _aদেশ ও জাতি সিরিজ ১
650 _aIndonesia
942 _2ddc
_cBK